Lives Of The Musicians (Record no. 22201)
[ view plain ]
| 000 -LEADER | |
|---|---|
| fixed length control field | 00564nam a22002057a 4500 |
| 003 - CONTROL NUMBER IDENTIFIER | |
| control field | OSt |
| 005 - DATE AND TIME OF LATEST TRANSACTION | |
| control field | 20260515104243.0 |
| 008 - FIXED-LENGTH DATA ELEMENTS--GENERAL INFORMATION | |
| fixed length control field | 260515b |||||||| |||| 00| 0 eng d |
| 020 ## - INTERNATIONAL STANDARD BOOK NUMBER | |
| International Standard Book Number | 0-15-248010-2 |
| 040 ## - CATALOGING SOURCE | |
| Transcribing agency | Chuka University Library |
| 050 ## - LIBRARY OF CONGRESS CALL NUMBER | |
| Classification number | ML 385 .K89 1993 |
| 100 ## - MAIN ENTRY--PERSONAL NAME | |
| Personal name | KRULL KATHLEEN |
| 9 (RLIN) | 21526 |
| 245 ## - TITLE STATEMENT | |
| Title | Lives Of The Musicians |
| 260 ## - PUBLICATION, DISTRIBUTION, ETC. | |
| Place of publication, distribution, etc. | SAN DIEGO |
| Name of publisher, distributor, etc. | HARCOURT |
| Date of publication, distribution, etc. | 1993 |
| 300 ## - PHYSICAL DESCRIPTION | |
| Extent | 96 P. |
| 650 ## - SUBJECT ADDED ENTRY--TOPICAL TERM | |
| Topical term or geographic name entry element | Composers---Biography |
| 9 (RLIN) | 24850 |
| 650 ## - SUBJECT ADDED ENTRY--TOPICAL TERM | |
| Topical term or geographic name entry element | ----Juvenile Literature |
| 9 (RLIN) | 16983 |
| 650 ## - SUBJECT ADDED ENTRY--TOPICAL TERM | |
| Topical term or geographic name entry element | Musicians ---Anecdotes |
| 9 (RLIN) | 24851 |
| 942 ## - ADDED ENTRY ELEMENTS (KOHA) | |
| Source of classification or shelving scheme | Library of Congress Classification |
| Koha item type | Long Loan Books |
| Suppress in OPAC | No |
| Withdrawn status | Lost status | Source of classification or shelving scheme | Damaged status | Not for loan | Collection | Home library | Current library | Shelving location | Date acquired | Source of acquisition | Total Checkouts | Full call number | Barcode | Date last seen | Cost, replacement price | Price effective from | Koha item type |
|---|---|---|---|---|---|---|---|---|---|---|---|---|---|---|---|---|---|
| Library of Congress Classification | General Collection Books | Main Campus Library | Main Campus Library | General Stacks | 10/07/2025 | Donation from books of Africa | ML 385 .K89 1993 | 31713/2026 | 15/05/2026 | 901.00 | 15/05/2026 | Long Loan Books |
